Parliamentary practice in New Zealand / (Record no. 2387)

MARC details
000 -LEADER
fixed length control field 01037cam a2200313 a 4500
001 - CONTROL NUMBER
control field 2553863
003 - CONTROL NUMBER IDENTIFIER
control field OSt
005 - DATE AND TIME OF LATEST TRANSACTION
control field 20230623083648.0
008 - FIXED-LENGTH DATA ELEMENTS--GENERAL INFORMATION
fixed length control field 941014s1994 nz b f001 0 eng d
010 ## - LIBRARY OF CONGRESS CONTROL NUMBER
LC control number 94219431
020 ## - INTERNATIONAL STANDARD BOOK NUMBER
International Standard Book Number 1869561104
035 ## - SYSTEM CONTROL NUMBER
System control number (OCoLC)32222827
040 ## - CATALOGING SOURCE
Original cataloging agency CLU
Transcribing agency CLU
Modifying agency DLC
Description conventions core
042 ## - AUTHENTICATION CODE
Authentication code lccopycat
043 ## - GEOGRAPHIC AREA CODE
Geographic area code u-nz---
082 00 - DEWEY DECIMAL CLASSIFICATION NUMBER
Classification number 328.9
Item number GEE
100 1# - MAIN ENTRY--PERSONAL NAME
Personal name McGee, David G.
245 10 - TITLE STATEMENT
Title Parliamentary practice in New Zealand /
Statement of responsibility, etc. by David McGee.
250 ## - EDITION STATEMENT
Edition statement 2nd ed.
260 ## - PUBLICATION, DISTRIBUTION, ETC. (IMPRINT)
Place of publication, distribution, etc. Wellington :
Name of publisher, distributor, etc. GP Publications,
Date of publication, distribution, etc. 1994.
300 ## - PHYSICAL DESCRIPTION
Extent xliv, 606 p. ;
Dimensions 24 cm.
504 ## - BIBLIOGRAPHY, ETC. NOTE
Bibliography, etc Includes bibliographical references and index.
610 10 - SUBJECT ADDED ENTRY--CORPORATE NAME
Corporate name or jurisdiction name as entry element New Zealand.
Subordinate unit Parliament.
-- House of Representatives
General subdivision Rules and practice.
650 #0 - SUBJECT ADDED ENTRY--TOPICAL TERM
Topical term or geographic name as entry element Parliamentary practice
Geographic subdivision New Zealand.
906 ## - LOCAL DATA ELEMENT F, LDF (RLIN)
a 7
b cbc
c copycat
d 2
e ncip
f 19
g y-gencatlg
942 ## - ADDED ENTRY ELEMENTS (KOHA)
Source of classification or shelving scheme Dewey Decimal Classification
Koha item type Books
Holdings
Withdrawn status Lost status Source of classification or shelving scheme Damaged status Not for loan Home library Current library Date acquired Total Checkouts Full call number Barcode Date last seen Price effective from Koha item type
    Dewey Decimal Classification     County Hall Archives County Hall Archives 06/23/2023   328.9 GEE 10010916 06/23/2023 06/23/2023 Books
    Dewey Decimal Classification     County Hall Archives County Hall Archives 06/23/2023   328.9 GEE 10000449 06/23/2023 06/23/2023 Books
LIBRARY OPENING HOURS

When the Parliament is sitting: 8.00a.m - 7.00p.m or until the house adjourns
Mondays and Fridays and when the House is on Recess:  8.00a.m - 5.00p.m
Closed on Weekends and Public Holidays

Online Public Access Catalog (OPAC)
Website: http://www.parliament.go.ke
Bunge Library: https://libraryir.parliament.go.ke
Contact: library@parliament.go.ke | Tel no: (254-2)2221291 or 2848000 Ext 5043